Whitaker's books in print - 1974

Bibliographic Details
Corporate Author: J. Whitaker & Sons, Ltd
Format: Book
Published: London : London : J. Whitaker & Sons , 1974-
Subjects:

MARC

LEADER 00000cam a2200000 7i4500
001 0000015607
005 20230103093000.0
008 021119n
020 |a 0850211867 
022 0 |a 09530398 
090 0 0 |a Z1011   |b .W5 1988 ff 
245 0 0 |a Whitaker's books in print - 1974 
260 2 |a London :   |b London :   |b J. Whitaker & Sons ,   |c 1974- 
300 |a v. ; ;   |c 30 cm. 
504 |a Formerly : British books in print 
650 0 |a Books   |z Great Britain   |v Bibliography 
651 0 |a Great Britain   |v Imprints 
710 0 0 |a J. Whitaker & Sons, Ltd. 
999 |a 1000054451   |b Serials   |c Close Access   |e Gong Badak Campus 
999 |a 1000054452   |b Serials   |c Close Access   |e Gong Badak Campus 
999 |a 1000054453   |b Serials   |c Close Access   |e Gong Badak Campus 
999 |a 1000054454   |b Serials   |c Close Access   |e Gong Badak Campus